000
00277nam a22001217a 4500
008
181012b xxu||||| |||| 00| 0 eng d
041
_a
eng
080
_a
038
100
_a
23
101
_a
FJA
245
_a
Taber's Cyclopedic Medical Dictionary
_c
Davis,F.A
942
_2
udc
_c
BK
999
_c
49464
_d
49464